Application and effects of fertilizers and manures on soil quality / (Record no. 89215)

MARC details
000 -LEADER
fixed length control field 01104nam a22003017a 4500
003 - CONTROL NUMBER IDENTIFIER
control field URS
005 - DATE AND TIME OF LATEST TRANSACTION
control field 20260204164104.0
008 - FIXED-LENGTH DATA ELEMENTS--GENERAL INFORMATION
fixed length control field 250324b |||||||| |||| 00| 0 eng d
020 ## - INTERNATIONAL STANDARD BOOK NUMBER
International Standard Book Number 9781666868166
Qualifying information (hardcover)
040 ## - CATALOGING SOURCE
Language of cataloging eng
Transcribing agency URS
Modifying agency URS
Description conventions rda
050 00 - LIBRARY OF CONGRESS CALL NUMBER
Classification number S 592.7
Item number .H7677 2024
100 1# - MAIN ENTRY--PERSONAL NAME
Personal name Hood, Kenneth
Relator term author
245 10 - TITLE STATEMENT
Title Application and effects of fertilizers and manures on soil quality /
Statement of responsibility, etc. Kenneth Hood.
264 #1 - PRODUCTION, PUBLICATION, DISTRIBUTION, MANUFACTURE, AND COPYRIGHT NOTICE
Place of production, publication, distribution, manufacture Wilmington, Del. :
Name of producer, publisher, distributor, manufacturer American Academic Publisher,
Date of production, publication, distribution, manufacture, or copyright notice c2024
264 #4 - PRODUCTION, PUBLICATION, DISTRIBUTION, MANUFACTURE, AND COPYRIGHT NOTICE
Date of production, publication, distribution, manufacture, or copyright notice ©2024
300 ## - PHYSICAL DESCRIPTION
Extent viii, 307 pages ;
Other physical details illustrations, maps ;
Dimensions 26 cm
336 ## - CONTENT TYPE
Source rdacontent
Content type term text
337 ## - MEDIA TYPE
Source rdamedia
Media type term unmediated
338 ## - CARRIER TYPE
Source rdacarrier
Carrier type term volume
504 ## - BIBLIOGRAPHY, ETC. NOTE
Bibliography, etc. note Includes bibliography and index.
520 ## - SUMMARY, ETC.
Summary, etc. "An in-depth study on the impact of fertilizers and manure on soil health, discussing best agricultural practices and sustainable farming methods."
650 #0 - SUBJECT ADDED ENTRY--TOPICAL TERM
Topical term or geographic name entry element Soil fertility.
650 #0 - SUBJECT ADDED ENTRY--TOPICAL TERM
Topical term or geographic name entry element Fertilizers
General subdivision Environmental aspects.
650 #0 - SUBJECT ADDED ENTRY--TOPICAL TERM
Topical term or geographic name entry element Manures
General subdivision Agricultural uses.
650 #0 - SUBJECT ADDED ENTRY--TOPICAL TERM
Topical term or geographic name entry element Soil science.
700 1# - ADDED ENTRY--PERSONAL NAME
Personal name Hood, Kenneth,
Relator term author
942 ## - ADDED ENTRY ELEMENTS (KOHA)
Source of classification or shelving scheme Library of Congress Classification
Koha item type Foreign Books
Holdings
Withdrawn status Source of classification or shelving scheme Damaged status Not for loan Home library Current library Shelving location Date acquired Source of acquisition Total Checkouts Full call number Barcode Date last seen Price effective from Koha item type
  Library of Congress Classification     Rodriguez College Library Rodriguez College Library Reserve Section 02/04/2026 Library Fund   S 592.7 .H7677 2024 URSROD-5379 02/04/2026 02/04/2026 Foreign Books

University of Rizal System
Email us at univlibservices@urs.edu.ph

Visit our Website www.urs.edu.ph/library